000 00740nam a2200229Ii 4500
003 JO-AjNU
008 230605s9999||||xx |||||||||||||| ||und||
017 _a2002/3/658
020 _a978-11-274-0
040 _aJO-AjNU
_bara
_erda
_cJO-AjNU
041 _aara
050 1 4 _aQA76.73.P3 S2264 2003
100 3 _aسعد ، نادرة جميل علي ,
_eauthor
_931430
245 0 0 _aالرسم على الحاسوب بإستخدام توربو باسكال و لغة ++C
250 _aط1
264 3 1 _aعمان:دار وائل، 2003
300 _a403ص
336 _atext
_btxt
_2rdacontent
337 _aunmediated
_bn
_2rdamedia
338 _avolume
_bnc
_2rdacarrier
650 4 _aالرسم-معالجة البيانات
_931431
999 _aA12571
_c16139
_d16139